000 00584nam a2200205 i 4500
001 bgj
100 1 _aMILLER, Arthur
_d(1915- )
245 1 0 _aDeath of a salesman :
_bcertain private conversations in two acts and requiem /
_cArthur Miller.
250 _a[25 th print.].
260 _aNew York :
_bThe Viking Press,
_c1965.
300 _a139 pp ;
_c20 cm.
650 9 _aSales personnel
650 9 _aFathers and sons
650 9 _aAmerican writers, 1900-1945
655 _aDrama
040 _cBPK
041 0 _aeng
942 _cKS
008 s uk f |000 0 eng
999 _c48396
_d48396
856 _uhttp://koha.tu.koszalin.pl/cgi-bin/koha/opac-detail.pl?biblionumber=48396
_yKatalog online BPK